Rozpoznaj kotowate po ich łacińskich nazwach - Statystyki

Ogólne statystyki
  • Ten quiz został rozwiązany 4 razy
  • Średni wynik to 11 z 21
Statystyki odpowiedzi
Łacińska nazwa Odpowiedź % Poprawnych
Felis catus Kot domowy
100%
Panthera leo Lew afrykański
75%
Lynx lynx Ryś euroazjatycki
75%
Panthera tigris Tygrys azjatycki
75%
Acinonyx jubatus Gepard grzywiasty
50%
Panthera onca Jaguar amerykański
50%
Herpailurusyagouaroundi Jaguarundi amerykański
50%
Caracal caracal Karakal stepowy
50%
Felis nigripes Kot czarnołapy
50%
Prionailurus bengalensis Kotek bengalski
50%
Panthera pardus Lampart plamisty
50%
Otocolobus manul Manul stepowy
50%
Leopardus Guigna Ocelot chilijski
50%
Leopardus Wiedii Ocelot nadrzewny
50%
Leopardus Tigrinus Ocelot tygrysi
50%
Neofelis nebulosa Pantera mglista
50%
Neofelis diardi Pantera sundajska
50%
Puma concolor Puma płowa
50%
Felis silvestris Żbik europejski
50%
Panthera uncia Irbis śnieżny
25%
Felis lybica Kot afrykański
25%
Nie znaleziono quizów pasujących do podanych kryteriów
Rozkład punktacji
Procent ludzi z każdym wynikiem
Percentyl według liczby udzielonych odpowiedzi
Twoja historia wyników
Nie rozwiązałeś tego quizu